000
00218nam a22000857a 4500
008
160708b xxu||||| |||| 00| 0 eng d
100
_9
2473
_a
Dumas A
245
_a
Monte Cristo
260
_a
New Delhi
_b
Children Book Trust
_c
2011
999
_c
2140
_d
2140